[Event "IND-ch U15 Girls 38th"]
[Site "New Delhi"]
[Date "2022.12.03"]
[Round "8"]
[White "Riddhika, Kotia"]
[Black "Prishita, Gupta"]
[Result "0-1"]
[WhiteElo "1241"]
[BlackElo "1555"]
[PlyCount "132"]
[EventDate "2022.11.28"]
[EventType "swiss"]
[EventRounds "11"]
[EventCountry "IND"]
[SourceTitle "CBM 211 Extra"]
[Source "ChessBase"]
[SourceDate "2023.01.31"]
[SourceVersion "1"]
[SourceVersionDate "2023.01.31"]
[SourceQuality "1"]

1. d4 d5 2. Nf3 c5 3. e3 e6 4. b3 cxd4 5. exd4 Bb4+ 6. Nbd2 Bc3 7. Rb1 Nc6 8. Bb2 Qa5 9. Qc1 Nge7 10. Bxc3 Qxc3 11. Qb2 Qxb2 12. Rxb2 0-0 13. c3 f6 14. Be2 e5 15. dxe5 fxe5 16. 0-0 Bg4 17. h3 Bh5 18. Re1 Rac8 19. Nf1 e4 20. N3h2 Bxe2 21. Rbxe2 Ne5 22. c4 Nd3 23. Rd1 dxc4 24. bxc4 Ng6 25. Nd2 Rce8 26. Nxe4 Nxf2 27. Rxf2 Rxe4 28. Rxf8+ Nxf8 29. Rc1 Ne6 30. Nf3 Re2 31. Re1 Nf4 32. Rxe2 Nxe2+ 33. Kf2 Nc3 34. a3 Nb1 35. a4 a5 36. Nd4 Nd2 37. Ke2 Nxc4 38. Nb5 Kf8 39. Nc3 Ke7 40. Kd3 Nb6 41. Kd4 Kd6 42. g3 Kc6 43. g4 Kd6 44. Nb5+ Kc6 45. Nc3 h6 46. h4 Nd7 47. g5 b6 48. Nb5 hxg5 49. hxg5 Nc5 50. Kc4 Nxa4 51. Nd4+ Kb7 52. Ne6 Nc5 53. Nxg7 Kc6 54. Nf5 b5+ 55. Kd4 Ne6+ 56. Kc3 Nxg5 57. Nd4+ Kb6 58. Kb3 Kc5 59. Nc2 Nf3 60. Ne1 Nxe1 61. Kc3 b4+ 62. Kb3 a4+ 63. Kxa4 Kc4 64. Ka5 b3 65. Ka6 b2 66. Kb6 b1Q+ 0-1

[Event "Mumbai Wealth op U13 4th"]
[Site "Mumbai"]
[Date "2019.01.02"]
[Round "4"]
[White "Laddha, Yash Jayesh"]
[Black "Riddhika, Kotia"]
[Result "1-0"]
[WhiteElo "1449"]
[BlackElo "1213"]
[PlyCount "55"]
[EventDate "2018.12.30"]
[EventType "swiss"]
[EventRounds "9"]
[EventCountry "IND"]
[SourceTitle "CBM 188 Extra"]
[Source "ChessBase"]
[SourceDate "2019.02.26"]
[SourceVersion "1"]
[SourceVersionDate "2019.02.26"]
[SourceQuality "1"]

1. e4 c6 2. d4 d5 3. Nc3 e6 4. e5 c5 5. Nf3 Nc6 6. Be3 cxd4 7. Bxd4 Nxd4 8. Nxd4 Bb4 9. Qd3 Bd7 10. a3 Ba5 11. Ndb5 Bxc3+ 12. Nxc3 Qc7 13. Qg3 g6 14. Nb5 Bxb5 15. Bxb5+ Kf8 16. 0-0 Qxc2 17. Rfc1 Qxb2 18. Rab1 Qd4 19. Rc7 f6 20. exf6 Qxf6 21. Qd6+ Ne7 22. Rb3 Qa1+ 23. Bf1 Re8 24. Rf3+ Kg8 25. Qxe6+ Kg7 26. Rxe7+ Rxe7 27. Qxe7+ Kg8 28. Rf8# 1-0